| 000 | 01385cam a22003134a 4500 | ||
|---|---|---|---|
| 999 |
_c329684 _d329684 |
||
| 001 | 13045737 | ||
| 003 | NUST | ||
| 005 | 20170518104545.0 | ||
| 008 | 030102s2003 enkab b 001 0 eng | ||
| 010 | _a 2003040757 | ||
| 020 | _a1856173895 | ||
| 040 |
_aDLC _cDLC _dDLC |
||
| 042 | _apcc | ||
| 050 | 0 | 0 |
_aTD754 _b.J83 2003 |
| 082 | 0 | 0 |
_a628.352 JUD _221 |
| 245 | 0 | 0 |
_aMembranes for industrial wastewater recovery and re-use / _cEdited by Simon Judd and Bruce Jefferson. |
| 260 |
_aKidlington, Oxford, UK ; _aNew York, NY, USA : _bElsevier Science, _cc2003. |
||
| 300 |
_axvi, 291 p. : _bill., maps ; _c24 cm. |
||
| 500 | _aH.B | ||
| 504 | _aIncludes bibliographical references and index. | ||
| 650 | 0 |
_aSewage _xPurification. _9265 |
|
| 650 | 0 |
_aFactory and trade waste _xPurification. _91014 |
|
| 650 | 0 |
_aMembranes (Technology) _91015 |
|
| 650 | 0 |
_aWater reuse. _91016 |
|
| 700 | 1 |
_aJudd, Simon. _91017 |
|
| 700 | 1 |
_aJefferson, Bruce. _91018 |
|
| 856 | 4 | 2 |
_3Publisher description _uhttp://www.loc.gov/catdir/enhancements/fy0614/2003040757-d.html |
| 856 | 4 | 1 |
_3Table of contents only _uhttp://www.loc.gov/catdir/enhancements/fy0614/2003040757-t.html |
| 906 |
_a7 _bcbc _corignew _d1 _eocip _f20 _gy-gencatlg |
||
| 942 |
_2ddc _cBK _k628.352 JUD |
||